000 01853nam0a2200397 4500
001 RU\NLR\bibl\337723
005 20250621150508.0
010 _a5-94035-040-2
_9200
021 _aRU
_b2002-43036
_92091
035 _a(NLR Aleph) 000332637
090 _a166642
_c166642
100 _a20021110d2002 |||y0rusy50 ca
101 0 _arus
102 _aRU
105 _ay |||||||||
200 1 _aРазговорные темы, грамматика в диалогах
_eУчеб. пособие по разговор. англ. яз. для студентов неяз. фак. пед. вузов
_fЛ. В. Татару, О. Н. Каверина
_gБалашов. фил. Сарат. гос. ун-та им. Н. Г. Чернышевского
210 _aБалашов
_cНиколаев
_d2002
215 _a111 с.
_d21
300 _aНа обл. : Conversational English: Topics. Grammar / L. V. Tataru, O. N. Kaverina
512 1 _6z22790
_aConversational English
_eTopics. Grammar
606 0 _aАнглийский язык
_jУчебные издания для высших учебных заведений
_9972309
_3RU\NLR\auth\6646032
610 0 _aАнглийский язык - Грамматика
610 0 _aАнглийский язык - Разговорная речь
675 _a811.111(075.8)
_v3
_zrus
686 _a81.2Англ-923
_2rubbk
686 _aШ143.21-93рус32
700 1 _aТатару
_bЛ. В.
_gЛюдмила Владимировна
_4070
701 1 _aКаверина
_bО. Н.
_gОльга Николаевна
_4070
790 1 _6z22
_aTataru
_bL. V.
_gLjudmila Vladimirovna
_4070
790 1 _6z22
_aKaverina
_bO. N.
_gOl'ga Nikolaevna
_4070
801 0 _aRU
_bRKP
_c20021110
_gPSBO
801 1 _aRU
_bRKP
_c20021110
801 2 _aRU
_bNLR
_c20050309
_grcr
942 _cBOOK
980 _aNB